| 000 | 00345nam a2200133Ia 4500 | ||
|---|---|---|---|
| 008 | 240624s9999 xx 000 0 und d | ||
| 041 | _aeng | ||
| 082 | _a658.4092 PAR | ||
| 100 | _aPAREEK UDAI | ||
| 245 | _aORGANISATIONAL LEADERSHIP AND POWER | ||
| 260 |
_c2006 _aHyderabad _bICFAI press |
||
| 300 | _aii, : 221 : p. : cm. ; 22 | ||
| 365 |
_cRS _b50 |
||
| 999 |
_c6645 _d6645 |
||